| 000 | 00583nam a22002057a 4500 | ||
|---|---|---|---|
| 003 | OSt | ||
| 005 | 20140310182833.0 | ||
| 008 | 130604t xxu||||| |||| 00| 0 eng d | ||
| 020 | _a9780071781770 | ||
| 050 |
_aPE 1408 _b.M647 2012 |
||
| 082 |
_aM 808.042 _bM548 2012 |
||
| 245 |
_aTell it slant : _bcreating, refining, and publishing creative nonfiction / _cMiller, Brenda |
||
| 260 |
_aNew York : _bMcGrawHill, _c2012 |
||
| 300 |
_avi, 253 p. : _c23 cm. |
||
| 521 | _acollege students | ||
| 526 | _c1210L-1700L | ||
| 541 | _j1 | ||
| 562 | _e1 | ||
| 942 |
_2lcc _cBK _kM |
||
| 999 |
_c16680 _d16680 |
||